Nuevos ensayos civiles / (Record no. 89087)

MARC details
000 -LEADER
campo de control de longitud fija 00781nam a2200241 i 4500
001 - NÚMERO DE CONTROL
campo de control 89087
003 - IDENTIFICADOR DE NÚMERO DE CONTROL
campo de control ES-MaACL
005 - FECHA Y HORA DE LA ÚLTIMA TRANSACCIÓN
campo de control 20250912063046.0
007 - CAMPO FIJO DE DESCRIPCIÓN FÍSICA--INFORMACIÓN GENERAL
campo de control de longitud fija t|
008 - DATOS DE LONGITUD FIJA--INFORMACIÓN GENERAL
campo de control de longitud fija 050128s2004 sp ||||1| spa d
020 ## - NÚMERO INTERNACIONAL ESTÁNDAR DEL LIBRO
Número Internacional Estándar del Libro 84-670-1396-6
080 ## - NÚMERO DE LA CLASIFICACIÓN DECIMAL UNIVERSAL
Número de la Clasificación Decimal Universal 821.134.1-4"19"
100 1# - ENTRADA PRINCIPAL--NOMBRE DE PERSONA
Nombre de persona Fuster, Joan,
Fechas asociadas al nombre 1922-1992
9 (RLIN) 163689
245 10 - MENCIÓN DEL TÍTULO
Título Nuevos ensayos civiles /
Mención de responsabilidad, etc. Joan Fuster ; introducción, selección y traducción Justo Serna y Encarnación García Monerris.
260 ## - PUBLICACIÓN, DISTRIBUCIÓN, ETC.
Lugar de publicación, distribución, etc. Madrid :
Nombre del editor, distribuidor, etc. Espasa Calpe,
Fecha de publicación, distribución, etc. [2004]
300 ## - DESCRIPCIÓN FÍSICA
Extensión 317 p. ;
Dimensiones 22 cm.
490 1# - MENCIÓN DE SERIE
Mención de serie Espasa órbitas
700 1# - ENTRADA AGREGADA--NOMBRE PERSONAL
Nombre de persona Serna, Justo.
9 (RLIN) 105574
700 1# - ENTRADA AGREGADA--NOMBRE PERSONAL
Nombre de persona García Monerris, Encarnación.
9 (RLIN) 54968
830 0# - PUNTO DE ACCESO ADICIONAL DE SERIE-TÍTULO UNIFORME
Título uniforme Espasa órbitas
9 (RLIN) 184745
852 ## - LOCALIZACIÓN
Ubicación ES-MaACL
Número de control de estantería L-28728
Sublocalización o colección R.135132
Holdings
Estatus retirado Estado de pérdida Estado de daño No para préstamo Biblioteca de origen Biblioteca actual Ubicación en estantería Fecha de adquisición Fuente de adquisición Total de préstamos Signatura topográfica completa Código de barras Visto por última vez Precio de reemplazo Tipo de ítem Koha
        Biblioteca del Ateneo de Madrid Biblioteca del Ateneo de Madrid Depósito 2 17/01/2008     L-28728 1093043 23/02/2023 23/02/2023 Libro impreso